Hacia una economía mundial : sugerencias para una política económica internacional /

Guardado en:
Autor Principal: Tinbergen, Jan
Formato: Libro
Publicado: Buenos Aires : Hyspamerica, 1983
Materias:
Etiquetas: Agregar Etiqueta
Sin Etiquetas, Sea el primero en etiquetar este registro!
LEADER 01095nam a22002175a 4500
001 CEM.cems006254
005 20060214000000.0
008 130507s1983##################000#0#####d
003 CEMS
082 0 4 |a 338.9 
100 1 |a Tinbergen, Jan 
245 1 0 |a Hacia una economía mundial :  |b sugerencias para una política económica internacional / 
260 |a Buenos Aires :  |b Hyspamerica,  |c 1983 
300 |a 242 p. 
505 0 |a La economia internaciónal y la urbanización periferica; Sistemas urbanos latinoamericanos: surgimiento; Crecimiento economico y distribución de lapoblación; Pobreza urbana y bienestar publico en Mexico e Inglaterra; La articulación entre el sector informal y el sector formal de la economia urbana; Villas miserias y favelas; Sectores populares y política estatal de vivienda; Estudio de los distritos centrales de las ciudades de America Latina 
653 |a Economia mundial 
653 |a Economia politica 
653 |a Politica comercial 
653 |a Proteccionismo 
653 |a Sistemas monetarios 
859 |a CEMS  |b BIB. CEMS - 11 de abril  |h 338.9  |i T49  |p 12984.84  |t Ej.1